000 00779nam a2200229Ia 4500
003 GCL
008 140319s9999 xx 000 0 ara d
040 _aGCL /
_cGCL
082 0 4 _a210.9
_bم ا
100 1 _aمحمد كرد على
245 1 0 _aالاسلام والحضارة العربية /
_cمحمد كرد على
260 _aالقاهرة :
_bمطبعة دار الكتب المصرية ،
_c1936
300 _aمج 2 ؛
_c23 سم
490 _a
650 0 4 _aالفلسفة الاسلامية
650 0 4 _aالحضارة العربية الاسلامية - المعارف البحرية
650 0 4 _aالاسلام
650 0 4 _aالديانات
650 0 4 _aالاسلام - تاريخ
650 0 4 _aالاسلام والسياسة
942 _2ddc
_cBK
999 _c58846
_d58846